| 000 -LEADER |
| fixed length control field |
00323nam a22001457a 4500 |
| 008 - FIXED-LENGTH DATA ELEMENTS--GENERAL INFORMATION |
| fixed length control field |
210428b ||||| |||| 00| 0 eng d |
| 020 ## - INTERNATIONAL STANDARD BOOK NUMBER |
| International Standard Book Number |
2901634596175 |
| 041 ## - LANGUAGE CODE |
| Language code of text/sound track or separate title |
eng |
| 080 ## - UNIVERSAL DECIMAL CLASSIFICATION NUMBER |
| Universal Decimal Classification number |
34 |
| 082 ## - DEWEY DECIMAL CLASSIFICATION NUMBER |
| Classification number |
34 |
| 100 ## - Rafti |
| Rafti |
13 |
| 101 ## - Shkurtesa |
| Shkurtesa |
JUR |
| 245 ## - TITLE STATEMENT |
| Title |
Civil Procedure Supplement |
| Statement of responsibility, etc |
Jack H. Friedenthal |
| 942 ## - ADDED ENTRY ELEMENTS (KOHA) |
| Source of classification or shelving scheme |
|
| Item type |
Books |